Religion Quiz

Random Religion Quiz

Avatars of Vishnu Quiz Stats

 Plays Quiz not verified by Sporcle

Challenge
Share
Tweet
Embed
Score 0/10 Timer 07:00
0 Plays Today
Hint Avatar % Correct
Cow-herdKrishna
92.6%
PrinceRama
87.6%
SageBuddha
64.2%
Horseman (not yet appeared)Kalki
64%
FishMatsya
62.1%
Man-lionNarasimha
57.9%
TurtleKurma
54.4%
DwarfVamana
52.1%
BoarVaraha
51.5%
Warrior PriestParashurama
46.5%

You're not logged in!

Compare scores with friends on all Sporcle quizzes.
OR
Log In

You Might Also Like...

Show Comments

Extras

Created Oct 7, 2009SourceReportNominate
Tags:altar, avatar, god, hindu, vishnu

Top Quizzes Today


Score Distribution

Your Account Isn't Verified!

In order to create a playlist on Sporcle, you need to verify the email address you used during registration. Go to your Sporcle Settings to finish the process.

Report this User

Report this user for behavior that violates our Community Guidelines.

Details: